000 00252nam a22001097a 4500
082 _a621.362 INF'P
100 _aPHILIPS, UZFA
_979728
245 _aINFRARED EQUIPMENTS FOR TANKS
260 _aPAKISTAN
_bPHOTO COPY
_c1980
300 _a09P
942 _cBK
999 _c584729
_d584729